000 00874nam a2200253Ia 4500
003 OSt
005 20220923211601.0
006 a|||||r|||| 00| 0
007 ta
008 220922b |||||||| |||| 00| 0 hin d
020 _a9789387187085 (hbk)
_c425
024 _a348,295
037 _b2442, 08/03/2019, Kiran Book Service
_cTextual
040 _aARTS
_cARTS
_bhin
041 _2hin
_ahin
082 _aO152,3N73x, Q8
100 _aजोशी, प्रभु, ले.
245 0 _aप्रतिनिधि कहानियॉं
246 _aPratinidhi kahāniyaॉan
260 _aदिल्ली
_b नयी किताब प्रकाशन
_c2018
300 _a208पृ.
_ccm.
942 _hO152,3N73x, Q8
_cTEXL
_2CC
999 _c301047
_d301047